Income Tax Ordinance 1984 (Record no. 4070)
[ view plain ]
| 000 -LEADER | |
|---|---|
| fixed length control field | 00585nam a2200169Ia 4500 |
| 008 - FIXED-LENGTH DATA ELEMENTS--GENERAL INFORMATION | |
| fixed length control field | 151213s9999 xx 000 0 und d |
| 020 ## - INTERNATIONAL STANDARD BOOK NUMBER | |
| International Standard Book Number | 98430000089-0 |
| 100 ## - MAIN ENTRY--PERSONAL NAME | |
| Personal name | ড, এস.এম হোসেন তৈয়ব। |
| 245 ## - TITLE STATEMENT | |
| Title | Income Tax Ordinance 1984 |
| Statement of responsibility, etc. | ড, এস.এম হোসেন তৈয়ব। |
| 250 ## - EDITION STATEMENT | |
| Edition statement | ২য সং |
| 260 ## - PUBLICATION, DISTRIBUTION, ETC. (IMPRINT) | |
| Place of publication, distribution, etc. | ঢাকা |
| Name of publisher, distributor, etc. | সেন্ট্রাল ’ল’ বুক হাউস |
| Date of publication, distribution, etc. | 2008 |
| 300 ## - PHYSICAL DESCRIPTION | |
| Extent | 8067 p. |
| 650 ## - SUBJECT ADDED ENTRY--TOPICAL TERM | |
| Topical term or geographic name as entry element | Law |
| 650 ## - SUBJECT ADDED ENTRY--TOPICAL TERM | |
| Topical term or geographic name as entry element | Law |
| 700 ## - ADDED ENTRY--PERSONAL NAME | |
| Personal name | ড, এস.এম হোসেন তৈয়ব। |
No items available.
